000 00663nam a22001817a 4500
008 131106t mx||||| |||| 00| 0 spa d
020 _a9789686851311
050 0 4 _aHQ767
_bC35 2007
245 1 0 _aCalidoscopio del aborto :
_btestimonio, cuentos, artículos periodísticos, ensayos, síntesis, reseñas de libros, investigaciones y estudios para formar opinión /
_cJulián Cruzalta ... [et al]
250 _a1a.
260 _aMéxico :
_bDemac,
_cr2007
300 _a135 p. :
_c24 cm
504 _aIncluye bibliografía
650 7 _aAborto
_xAspectos sociales
700 1 _aCruzalta, Julián, colab.
700 1 _aEspinosa Rugarcía, Amparo
942 _2ddc
_cLIB
999 _c44616
_d44616